[Event "GER-chT U14"]
[Site "Kelheim"]
[Date "2022.12.29"]
[Round "6"]
[White "Alkayas, Mohammad"]
[Black "Dursun, Ali Berk"]
[Result "1/2-1/2"]
[WhiteElo "1174"]
[BlackElo "1411"]
[PlyCount "44"]
[EventDate "2022.12.26"]
[EventType "team-swiss"]
[EventRounds "7"]
[EventCountry "GER"]
[SourceTitle "CBM 212 Extra"]
[Source "ChessBase"]
[SourceDate "2023.03.31"]
[SourceVersion "1"]
[SourceVersionDate "2023.03.31"]
[SourceQuality "1"]
[WhiteTeam "Marburg"]
[BlackTeam "Plettenberg"]
[WhiteTeamCountry "GER"]
[BlackTeamCountry "GER"]

1. e4 c6 2. Nc3 d5 3. d4 dxe4 4. Nxe4 Bf5 5. Ng3 Bg6 6. Nf3 Nd7 7. Bd3 Bxd3 8. Qxd3 e6 9. 0-0 Ngf6 10. c3 Qc7 11. Ne4 Nxe4 12. Qxe4 Nf6 13. Bf4 Nxe4 14. Bxc7 Rc8 15. Bf4 c5 16. dxc5 Bxc5 17. Nd2 Nf6 18. Nb3 Bb6 19. Be5 0-0 20. Bd4 Bxd4 21. Nxd4 Rfd8 22. Rad1 h6 1/2-1/2

[Event "GER-chT U12"]
[Site "Magdeburg"]
[Date "2021.08.05"]
[Round "1.6"]
[White "Lange, Tobias1111"]
[Black "Alkayas, Mohammad"]
[Result "1-0"]
[WhiteElo "1399"]
[BlackElo "1170"]
[PlyCount "85"]
[EventDate "2021.08.04"]
[EventType "team-swiss"]
[EventRounds "7"]
[EventCountry "GER"]
[SourceTitle "EXT 2022"]
[Source "ChessBase"]
[SourceDate "2021.10.06"]
[SourceVersion "1"]
[SourceVersionDate "2021.10.06"]
[SourceQuality "1"]
[WhiteTeam "Garching"]
[BlackTeam "Marburg"]
[WhiteTeamCountry "GER"]
[BlackTeamCountry "GER"]

1. e4 e5 2. Nf3 Nc6 3. Nc3 Nf6 4. d4 exd4 5. Nxd4 Bb4 6. Nxc6 bxc6 7. Bd3 0-0 8. 0-0 Bxc3 9. bxc3 d6 10. Bg5 c5 11. Qf3 Bb7 12. Rab1 Rb8 13. Rxb7 Rxb7 14. e5 dxe5 15. Qxb7 a5 16. Rd1 e4 17. Bxf6 Qxf6 18. Qxe4 g6 19. Qc4 Qb6 20. Qb5 Qxb5 21. Bxb5 Rb8 22. Bc4 Rb2 23. Bb3 a4 24. Bxa4 Rxa2 25. Bb3 Ra7 26. g4 g5 27. Rd7 Kg7 28. Rxf7+ Kg6 29. Rf5 c6 30. Rxc5 Ra6 31. Bc4 Rb6 32. Bd3+ Kg7 33. Rxg5+ Kh6 34. Rh5+ Kg7 35. Rxh7+ Kf6 36. Rh6+ Kg5 37. Rg6+ Kf4 38. Kg2 Rb2 39. h3 Rb1 40. Re6 c5 41. f3 Rc1 42. h4 c4 43. Re4# 1-0